The ancient Egyptian Book of Thoth : a demotic discourse on knowledge and pendant to the classical hermetica /

محفوظ في:

المؤلف الرئيسي: Jasnow, Richard.

مؤلفون آخرون: Zauzich, Karl-Theodor.

التنسيق: كتاب

اللغة: English

منشور في: Wiesbaden : Harrassowitz Verlag, 2005.

الموضوعات:

الوسوم: إضافة وسم

لا توجد وسوم, كن أول من يضع وسما على هذه التسجيلة!

رقم الطلب: PJ1559 .B822 J37 v.1 (O.S.)PJ1559 .B822 J37 v.2

LEADER 01066nam a22002897a 4500
003 OSt
005 20251027085434.0
008 251027t2005 gw a b 001 0 eng d
020 |a 3447050829 (2 v. set) 
040 |c ARCE Library 
050 1 4 |a PJ1559 .B822  |b J37 v.1 
050 1 4 |a (O.S.)PJ1559 .B822  |b J37 v.2 
100 1 |a Jasnow, Richard. 
245 1 4 |a The ancient Egyptian Book of Thoth :   |b a demotic discourse on knowledge and pendant to the classical hermetica /   |c Richard Jasnow and Karl-Theodor Zauzich. 
246 1 3 |a Book of Thoth. 
264 1 |a Wiesbaden :   |b Harrassowitz Verlag,   |c 2005. 
300 |a 2 v. :   |b ill. ;   |c 29 x 37-31 cm. 
504 |a Includes bibliographical references (v. 1, p. [551]-568) and index. 
505 0 |a v. 1. Text -- v. 2. Plates. 
546 |a Demotic texts in transliteration; translation and commentary in English. 
630 0 0 |a Book of Thoth. 
650 0 |a Thoth (Egyptian deity) 
650 0 |a Egyptian language -- Papyri. 
700 1 |a Zauzich, Karl-Theodor. 
901 |a reviewed 
942 |2 lcc  |c BK 
999 |c 50176  |d 50176